000 00746cam a22002533a 4500
001 34225
003 PGUSA
005 20140828083735.0
008 101106s2010||||xxu|||||s|||||000 1 eng d
040 _aPGUSA
_beng
042 _adc
050 4 _aPG
100 1 _aDostoyevsky, Fyodor,
_d1821-1881
245 1 0 _aZápisky z mrtvého domu
_h[electronic resource] /
_cFyodor Dostoyevsky
260 _bProject Gutenberg,
_c2010
506 _aPublic domain in the USA.
516 _aElectronic text
653 _aExiles -- Russia (Federation) -- Siberia -- Fiction
700 1 _aJaroš, H.
740 0 _aZapiski iz mertvogo doma. Czech
830 0 _aProject Gutenberg
_v34225
856 4 0 _uhttp://www.gutenberg.org/ebooks/34225
942 _cEB
999 _c263480
_d263480